000 00322nam a22001337a 4500
008 170616b xxu||||| |||| 00| 0 eng d
020 _a9780446532686
041 _aeng
080 _a32
100 _a20
101 _aSHP
245 _aAMERICA A CTIZIZEN GUIDE TO DEMOCRACY INAETION
_cJEFFERSON.TH
942 _2udc
_cBK
999 _c17774
_d17774